| 000 | 00588pam a2200193 a 4500 | ||
|---|---|---|---|
| 020 |
_a8171792337 _c420.00 |
||
| 041 |
_aeng _hNULL |
||
| 082 |
_a618 _bKEI/GAN |
||
| 100 | _aKEITH, I., .GANDHI, J., WALVEKAR, V. | ||
| 245 |
_aMULTIPLE PREGNANCY : DIAGNOSIS AND MANAGEMENT A CLINICAL APPROACH / _cNULL. _hTextual Documents |
||
| 260 |
_aNULL : _bJAYPEE BROTHERS MEDICAL PUB. , _c2002. |
||
| 300 |
_a311 : : _bXX ; ; _cA4 . + _eHB. |
||
| 365 |
_a420.00 _e1 |
||
| 700 |
_aGANDHI, J . _aWALVEKAR, V . |
||
| 907 | _a5679 | ||
| 930 | _a2295 | ||
| 999 |
_c796831 _d796831 |
||
| 650 | _aOBST.GYNE | ||